Представление документа в формате MARC21

Поле Инд. ПП Название Значение
Тип записи a
Библиографический уровень m
001 _ Контрольный номер RU-LAN-BOOK-322469
005 Дата корректировки 20250915104049.3
008 Кодируемые данные 230406s2023 RU y f j 000 1 rus u
020 a ISBN 978-5-507-47033-4
040 c Служба, преобразующая запись Издательство Лань
041 a Код языка текста rus
044 a Код страны публикации RU
080 a Индекс УДК 50
084 2 Источник индекса rubbk
a Индекс другой классификации/Индекс ББК 22.21я73
100 1_ a Автор Бать М. И.
245 a Заглавие Теоретическая механика в примерах и задачах. Том 1. Статика и кинематика
b Продолж. заглавия учебное пособие для вузов
h Физич. носитель Электронный ресурс
c Ответственность Бать М. И.,Джанелидзе Г. Ю.,Кельзон А. С.; Джанелидзе Г. Ю., Кельзон А. С.
250 a Основные сведения об издании 14-е изд., стер.
260 a Место издания Санкт-Петербург
b Издательство Лань
c Дата издания 2023
d Санкт-Петербург
300 a Объем 672 с.
520 a Аннотация Отличительными особенностями данного пособия являются подробное изложение методологии решения задач и структурированность приведенных решений. Такое построение пособия позволяет учащимся решать любые задачи приведенных типов. Книга выдержала множество изданий и пользуется заслуженной популярностью у читателей. В первом томе рассмотрены плоская и пространственная системы сил, движение точки, простейшее движение твердого тела, сложное движение точки, плоское движение твердого тела, вращение твердого тела вокруг неподвижной точки и сложение вращений вокруг пересекающихся осей, общий случай движения твердого тела. Учебное пособие предназначено для студентов технических вузов очной и заочной систем обучения, инженеров и техников.
521 a Примеч. о целев. назн. Книга из коллекции Лань - Теоретическая механика
653 a Ключевые слова статика твердого тела
653 a Ключевые слова теоретическая механика
653 a Ключевые слова кинематика
653 a Ключевые слова движение твердого тела
653 a Ключевые слова статика
653 a Ключевые слова плоская система сил
653 a Ключевые слова пространственная система сил
700 1_ a Другие авторы Джанелидзе Г. Ю.
700 1_ a Другие авторы Кельзон А. С.
852 x Примечание, не предназначенное для пользователя e.lan2023
856 4_ u URL https://e.lanbook.com/book/322469
z Примечание для пользователя Участвует в КО
856 41 u URL https://e.lanbook.com/img/cover/book/322469.jpg